00620nam a2200169Ia 4500008004100000100002500041245012900066245002500195260005900220260000900279300001100288650001800299650001500317856002600332999001900358952007300377170221s9999 xx 000 0 und d aAhmad Muhammad Auwal 4aThe Complexities of New Media: Can the ‘Web Media’ Completely Erase Traditional Media from the Communication Industry?  cAhmad Muhammad Auwal bOnline Journal of Communication and Media Technologies c2015 a35 : 5 xCommunication xMedia Arts uhttp://www.ojcmt.net/ c310701d310701 001040aCLbCLd2017-02-21l0r2017-02-21 00:00:00w2017-02-21yFOJ